000 00641nam a22002297a 4500
003 OSt
005 20160128084814.0
008 130130t xxu||||| |||| 00| 0 eng d
020 _a971232849X
050 _aPE 1130
_b.B223 2000
082 _aFIL 428
_bB23 2000
100 _aBaraceros, Esther L.
245 _aCommunication skills I :
_bstudy and thinking skills /
_cEsther L. Baraceros.
260 _aManila :
_bRex Book Store,
_c2000.
300 _a183 pages :
_c23 cm.
_billustrations,
500 _aIncludes bibliography.
526 _c1210L-1700L
562 _e2
942 _2lcc
_cBK
_kFIL
999 _c17424
_d17424